<?xml version="1.0" encoding="UTF-8"?>
<record
    xmlns:xsi="http://www.w3.org/2001/XMLSchema-instance"
    xsi:schemaLocation="http://www.loc.gov/MARC21/slim http://www.loc.gov/standards/marcxml/schema/MARC21slim.xsd"
    xmlns="http://www.loc.gov/MARC21/slim">

  <leader>00365    a2200133   4500</leader>
  <controlfield tag="005">20250819072539.0</controlfield>
  <datafield tag="020" ind1=" " ind2=" ">
    <subfield code="a">978-9976-59-843-3</subfield>
  </datafield>
  <datafield tag="082" ind1=" " ind2=" ">
    <subfield code="a">510 EPA</subfield>
  </datafield>
  <datafield tag="100" ind1=" " ind2=" ">
    <subfield code="a">EPAPHRA, Manamba</subfield>
  </datafield>
  <datafield tag="245" ind1=" " ind2=" ">
    <subfield code="a">Quantitative Methods: For Economics and Finance</subfield>
  </datafield>
  <datafield tag="260" ind1=" " ind2=" ">
    <subfield code="a">ARUSHA</subfield>
    <subfield code="b">VIRTUS ENTERPRESS</subfield>
    <subfield code="c">2023</subfield>
  </datafield>
  <datafield tag="300" ind1=" " ind2=" ">
    <subfield code="a">xxiv,969p.: ill</subfield>
    <subfield code="b">Glossary, Index</subfield>
    <subfield code="c">25cm</subfield>
  </datafield>
  <datafield tag="942" ind1=" " ind2=" ">
    <subfield code="2">ddc</subfield>
    <subfield code="c">BKS</subfield>
  </datafield>
  <datafield tag="999" ind1=" " ind2=" ">
    <subfield code="c">6770</subfield>
    <subfield code="d">6770</subfield>
  </datafield>
  <datafield tag="952" ind1=" " ind2=" ">
    <subfield code="r">2025-08-18 10:03:50</subfield>
    <subfield code="l">0</subfield>
    <subfield code="o">510 EPA</subfield>
    <subfield code="p">MZA0003904</subfield>
    <subfield code="v">705000.00</subfield>
    <subfield code="w">2025-08-18</subfield>
    <subfield code="y">BKS</subfield>
    <subfield code="1">0</subfield>
    <subfield code="2">ddc</subfield>
    <subfield code="4">0</subfield>
    <subfield code="7">0</subfield>
    <subfield code="0">0</subfield>
    <subfield code="a">003</subfield>
    <subfield code="b">003</subfield>
    <subfield code="c">GEN</subfield>
    <subfield code="d">2025-08-14</subfield>
    <subfield code="e">Library Budget</subfield>
    <subfield code="g">235000.00</subfield>
  </datafield>
  <datafield tag="952" ind1=" " ind2=" ">
    <subfield code="r">2025-08-18 10:03:50</subfield>
    <subfield code="l">0</subfield>
    <subfield code="o">510 EPA</subfield>
    <subfield code="p">MZA0003905</subfield>
    <subfield code="v">705000.00</subfield>
    <subfield code="w">2025-08-18</subfield>
    <subfield code="y">BKS</subfield>
    <subfield code="1">0</subfield>
    <subfield code="2">ddc</subfield>
    <subfield code="4">0</subfield>
    <subfield code="7">0</subfield>
    <subfield code="0">0</subfield>
    <subfield code="a">003</subfield>
    <subfield code="b">003</subfield>
    <subfield code="c">GEN</subfield>
    <subfield code="d">2025-08-14</subfield>
    <subfield code="e">Library Budget</subfield>
    <subfield code="g">235000.00</subfield>
  </datafield>
  <datafield tag="952" ind1=" " ind2=" ">
    <subfield code="r">2025-08-18 10:03:50</subfield>
    <subfield code="l">0</subfield>
    <subfield code="o">510 EPA</subfield>
    <subfield code="p">MZA0003906</subfield>
    <subfield code="v">705000.00</subfield>
    <subfield code="w">2025-08-18</subfield>
    <subfield code="y">BKS</subfield>
    <subfield code="1">0</subfield>
    <subfield code="2">ddc</subfield>
    <subfield code="4">0</subfield>
    <subfield code="7">0</subfield>
    <subfield code="0">0</subfield>
    <subfield code="a">003</subfield>
    <subfield code="b">003</subfield>
    <subfield code="c">GEN</subfield>
    <subfield code="d">2025-08-14</subfield>
    <subfield code="e">Library Budget</subfield>
    <subfield code="g">235000.00</subfield>
  </datafield>
  <datafield tag="952" ind1=" " ind2=" ">
    <subfield code="r">2025-08-18 10:03:50</subfield>
    <subfield code="l">0</subfield>
    <subfield code="o">510 EPA</subfield>
    <subfield code="p">MZA0003907</subfield>
    <subfield code="v">705000.00</subfield>
    <subfield code="w">2025-08-18</subfield>
    <subfield code="y">BKS</subfield>
    <subfield code="1">0</subfield>
    <subfield code="2">ddc</subfield>
    <subfield code="4">0</subfield>
    <subfield code="7">0</subfield>
    <subfield code="0">0</subfield>
    <subfield code="a">003</subfield>
    <subfield code="b">003</subfield>
    <subfield code="c">GEN</subfield>
    <subfield code="d">2025-08-14</subfield>
    <subfield code="e">Library Budget</subfield>
    <subfield code="g">235000.00</subfield>
  </datafield>
  <datafield tag="952" ind1=" " ind2=" ">
    <subfield code="r">2025-08-18 10:03:50</subfield>
    <subfield code="l">0</subfield>
    <subfield code="o">510 EPA</subfield>
    <subfield code="p">MZA0003908</subfield>
    <subfield code="v">705000.00</subfield>
    <subfield code="w">2025-08-18</subfield>
    <subfield code="y">BKS</subfield>
    <subfield code="1">0</subfield>
    <subfield code="2">ddc</subfield>
    <subfield code="4">0</subfield>
    <subfield code="7">0</subfield>
    <subfield code="0">0</subfield>
    <subfield code="a">003</subfield>
    <subfield code="b">003</subfield>
    <subfield code="c">GEN</subfield>
    <subfield code="d">2025-08-14</subfield>
    <subfield code="e">Library Budget</subfield>
    <subfield code="g">235000.00</subfield>
  </datafield>
  <datafield tag="952" ind1=" " ind2=" ">
    <subfield code="r">2025-08-18 10:03:50</subfield>
    <subfield code="l">0</subfield>
    <subfield code="o">510 EPA</subfield>
    <subfield code="p">MZA0003909</subfield>
    <subfield code="v">705000.00</subfield>
    <subfield code="w">2025-08-18</subfield>
    <subfield code="y">BKS</subfield>
    <subfield code="1">0</subfield>
    <subfield code="2">ddc</subfield>
    <subfield code="4">0</subfield>
    <subfield code="7">0</subfield>
    <subfield code="0">0</subfield>
    <subfield code="a">003</subfield>
    <subfield code="b">003</subfield>
    <subfield code="c">GEN</subfield>
    <subfield code="d">2025-08-14</subfield>
    <subfield code="e">Library Budget</subfield>
    <subfield code="g">235000.00</subfield>
  </datafield>
  <datafield tag="952" ind1=" " ind2=" ">
    <subfield code="r">2025-08-18 10:03:50</subfield>
    <subfield code="l">0</subfield>
    <subfield code="o">510 EPA</subfield>
    <subfield code="p">MZA0003910</subfield>
    <subfield code="v">705000.00</subfield>
    <subfield code="w">2025-08-18</subfield>
    <subfield code="y">BKS</subfield>
    <subfield code="1">0</subfield>
    <subfield code="2">ddc</subfield>
    <subfield code="4">0</subfield>
    <subfield code="7">0</subfield>
    <subfield code="0">0</subfield>
    <subfield code="a">003</subfield>
    <subfield code="b">003</subfield>
    <subfield code="c">GEN</subfield>
    <subfield code="d">2025-08-14</subfield>
    <subfield code="e">Library Budget</subfield>
    <subfield code="g">235000.00</subfield>
  </datafield>
  <datafield tag="952" ind1=" " ind2=" ">
    <subfield code="r">2025-08-18 10:03:50</subfield>
    <subfield code="l">0</subfield>
    <subfield code="o">510 EPA</subfield>
    <subfield code="p">MZA0003911</subfield>
    <subfield code="v">705000.00</subfield>
    <subfield code="w">2025-08-18</subfield>
    <subfield code="y">BKS</subfield>
    <subfield code="1">0</subfield>
    <subfield code="2">ddc</subfield>
    <subfield code="4">0</subfield>
    <subfield code="7">0</subfield>
    <subfield code="0">0</subfield>
    <subfield code="a">003</subfield>
    <subfield code="b">003</subfield>
    <subfield code="c">GEN</subfield>
    <subfield code="d">2025-08-14</subfield>
    <subfield code="e">Library Budget</subfield>
    <subfield code="g">235000.00</subfield>
  </datafield>
  <datafield tag="952" ind1=" " ind2=" ">
    <subfield code="r">2025-08-18 10:03:50</subfield>
    <subfield code="l">0</subfield>
    <subfield code="o">510 EPA</subfield>
    <subfield code="p">MZA0003912</subfield>
    <subfield code="v">705000.00</subfield>
    <subfield code="w">2025-08-18</subfield>
    <subfield code="y">BKS</subfield>
    <subfield code="1">0</subfield>
    <subfield code="2">ddc</subfield>
    <subfield code="4">0</subfield>
    <subfield code="7">0</subfield>
    <subfield code="0">0</subfield>
    <subfield code="a">003</subfield>
    <subfield code="b">003</subfield>
    <subfield code="c">GEN</subfield>
    <subfield code="d">2025-08-14</subfield>
    <subfield code="e">Library Budget</subfield>
    <subfield code="g">235000.00</subfield>
  </datafield>
  <datafield tag="952" ind1=" " ind2=" ">
    <subfield code="r">2025-08-18 10:03:50</subfield>
    <subfield code="l">0</subfield>
    <subfield code="o">510 EPA</subfield>
    <subfield code="p">MZA0003913</subfield>
    <subfield code="v">705000.00</subfield>
    <subfield code="w">2025-08-18</subfield>
    <subfield code="y">BKS</subfield>
    <subfield code="1">0</subfield>
    <subfield code="2">ddc</subfield>
    <subfield code="4">0</subfield>
    <subfield code="7">0</subfield>
    <subfield code="0">0</subfield>
    <subfield code="a">003</subfield>
    <subfield code="b">003</subfield>
    <subfield code="c">GEN</subfield>
    <subfield code="d">2025-08-14</subfield>
    <subfield code="e">Library Budget</subfield>
    <subfield code="g">235000.00</subfield>
  </datafield>
</record>
